Manejo silvopastoril del espinal para producción de forraje y frutos
Saved in:
| Main Authors: | , |
|---|---|
| Andre forfattere: | |
| Format: | Bog |
| Sprog: | spansk |
| Udgivet: |
Santiago
Ministerio de Agricultura
2016
|
| Udgivelse: | 1a. ed |
| Fag: | |
| Tags: |
Tilføj Tag
Ingen Tags, Vær først til at tagge denne postø!
|
MARC
| LEADER | 00000cam a2200000 a 4500 | ||
|---|---|---|---|
| 001 | UCD5922 | ||
| 003 | CL-VaPUC | ||
| 008 | 161104e20160000cl |||||||||||||||||spa|d | ||
| 020 | |a 9789563628299 | ||
| 082 | 0 | 4 | |a 633.2 |b PIÑ |2 21 |
| 100 | 0 | |a Piña Moraga, Luis |e author |9 589698 | |
| 700 | |a Olivares Espinoza, Alfredo |e autor |9 589699 | ||
| 700 | 0 | |a Armijo Cerda, Valentina |e author |9 589700 | |
| 245 | 1 | 0 | |a Manejo silvopastoril del espinal para producción de forraje y frutos |
| 250 | |a 1a. ed | ||
| 300 | |a 47 p | ||
| 942 | |c BK | ||
| 945 | |d 20161104 11:00:00 |a dcastane | ||
| 260 | |a Santiago |b Ministerio de Agricultura |c 2016 | ||
| 650 | 0 | |a Ecología |9 258124 | |
| 650 | 7 | |a MANEJO DE PRADERAS |2 CL-VaPUC |9 535230 | |
| 650 | 7 | |a FLORA AUTOCTONA |2 CL-VaPUC |9 550284 | |
| 583 | |a last modification |c 20161104 11:00:00 |k Rodrigo Vera | ||
| 999 | |c 366436 |d 366434 | ||
| 952 | |0 0 |1 0 |3 erb |4 0 |6 633_200000000000000_PIÑ_2016 |7 0 |8 A |9 480676 |a BIBAGR |b BIBAGR |i 5346649 |o 633.2 PIÑ 2016 |p 5346649 |r 2025-01-20 |w 2019-11-24 |y BK |z Catalogado en:20161104 |k AGR | ||
| 952 | |0 0 |1 0 |3 erb |4 0 |6 633_200000000000000_PIÑ_2016 |7 0 |8 A |9 480677 |a BIBAGR |b BIBAGR |i 5346630 |o 633.2 PIÑ 2016 |p 5346630 |r 2025-01-20 |w 2019-11-24 |y BK |z Catalogado en:20161104 |k AGR | ||
| 952 | |0 0 |1 0 |3 erb |4 0 |6 633_200000000000000_PIÑ_2016 |7 0 |8 A |9 480678 |a BIBAGR |b BIBAGR |i 5386675 |o 633.2 PIÑ 2016 |p 5386675 |r 2025-01-20 |w 2019-11-24 |y BK |z Catalogado en:20170414 |k AGR | ||